000 00576nam a22002297a 4500
001 86587
003 UA-OsUOA
005 20211105211442.0
007 ta
008 20120906b un ||||| |||| 00| 0 ukr d
040 _aUA-OsUOA
_brus
_cUA-OsUOA
_dUA-OsUOA
041 _arus
080 _a94(470+571)
090 _a94(470+571)
_bГ49
100 _aГинзбург С. З.
245 _aО прошлом - для будущего
260 _aМ.
_bПолитиздат
_c1983
300 _a320 с.
650 7 _a94 Історія
_2UDC
942 _cBK
_2udc
955 _a4
999 _c372755
_d372755